| 000 | 00473nam a22001697a 4500 | ||
|---|---|---|---|
| 005 | 20240506125638.0 | ||
| 008 | 240506b |||||||| |||| 00| 0 eng d | ||
| 020 | _a9781484241424 | ||
| 082 |
_a005.276 _bSCI-J |
||
| 100 | _aSciore, Edward | ||
| 245 |
_aJava Program Desig / _cEdward Sciore |
||
| 260 |
_aUSA: _bApress; _c2019. |
||
| 300 |
_axvii, 456 p. : _bill; _c24 cm. |
||
| 500 | _ainclude index. | ||
| 650 | _aComputer Science/Java Programming Language | ||
| 999 |
_c35695 _d35695 |
||